000 00505nam a2200169 i 4500
001 67993
003 ES-MaACL
005 20230906170202.0
007 t|
008 040217s1972 sp ||||1| spa d
100 1 _aGandarias Ibaibarriaga, Higinio.
_953830
245 1 0 _aPresencia carmelitana en la villa de Tolosa /
_cHiginio Gandarias Ibaibarriaga.
260 _aAlzo (Tolosa) :
_b[s.n.],
_c1972.
300 _a108 p. ;
_c30 cm.
500 _aEj. multicopista.
852 _aES-MaACL
_jC-43284
_bR.81030
999 _c67993
_d67993